Qanoon-e-Shariat (Record no. 7159)
[ view plain ]
| 000 -LEADER | |
|---|---|
| fixed length control field | 00343 a2200133 4500 |
| 082 ## - DEWEY DECIMAL CLASSIFICATION NUMBER | |
| Classification number | 297.14 |
| 090 ## - LOCALLY ASSIGNED LC-TYPE CALL NUMBER (OCLC); LOCAL CALL NUMBER (RLIN) | |
| -- | 3245 |
| -- | 3245 |
| 100 ## - MAIN ENTRY--PERSONAL NAME | |
| Personal name | Ahmad, Shamas-ud-Din. |
| 245 ## - TITLE STATEMENT | |
| Title | Qanoon-e-Shariat |
| Statement of responsibility, etc. | Shamas-ud-Din Ahmad. |
| 260 ## - PUBLICATION, DISTRIBUTION, ETC. | |
| Place of publication, distribution, etc. | Rawalpindi : |
| Name of publisher, distributor, etc. | Maktabah Ziaya, |
| Date of publication, distribution, etc. | 1988. |
| 300 ## - PHYSICAL DESCRIPTION | |
| Extent | 544 p. ; |
| Dimensions | 24 cm. |
| 650 ## - SUBJECT ADDED ENTRY--TOPICAL TERM | |
| Topical term or geographic name entry element | Islamic laws. |
| 942 ## - ADDED ENTRY ELEMENTS (KOHA) | |
| Koha item type | Book |
| Call number prefix | 297.14 AHM |
| Withdrawn status | Lost status | Damaged status | Not for loan | Collection code | Permanent Location | Current Location | Shelving location | Date acquired | Cost, normal purchase price | Total Checkouts | Total Renewals | Full call number | Barcode | Date last seen | Date last checked out | Price effective from | Koha item type |
|---|---|---|---|---|---|---|---|---|---|---|---|---|---|---|---|---|---|
| NUST Law School (NLS) | NUST Law School (NLS) | General Stacks | 11/02/2000 | 135.00 | 1 | 1 | 297.14 AHM | SEECS000353 | 09/11/2020 | 09/09/2020 | 01/05/2017 | Book |
